Statistiken für Länder nach Einwohnerzahl

Klicken Sie hier um das Quiz zu spielen!

Allgemein

  • Dieses Quiz wurde 440 mal gespielt
  • Das Durchschnittsergebnis liegt bei 13 aus 24

Antwortstatistiken

BevölkerungWeltanteilLand% Korrekt
1.4 milliarde18.47%China
100%
1.3 milliarde17.70%Indien
98%
331 million4.5%Vereinigte Staaten
92%
83.7 million1.07%Deutschland
72%
273.5 million3.51%Indonesien
72%
212.5 million2.73%Brasilien
66%
220.8 million2.83%Pakistan
65%
145.9 million1.87%Russland
63%
206.1 million2.64%Nigeria
59%
126.4 million1.62%Japan
55%
164.8 million2.11%Bangladesch
53%
65.2 million0.84%Frankreich
53%
128.9 million1.65%Mexiko
53%
102.3 million1.41%Agypten
44%
84.3 million1.08%Turkei
44%
114.9 million1.62%Athiopien
43%
60.4 million0.78%Italien
43%
67.8 million0.87%Vereinigtes Königreich
43%
83.9 million1.08%Iran
37%
109.5 million1.47%Philippinen
36%
97.3 million1.31%Vietnam
34%
89.5 million1.15%DR Kongo
33%
69.7 million0.90%Thailand
31%
59.7 million0.77%Tansania
22%

Verteilung der Resultate

Perzentil nach korrekt beantworteten Fragen

Anzahl Personen mit jedem Resultat

Ihre Resultats-Entwicklung

Sie haben dieses Quiz noch nicht gespielt